000 00610cam a2200217 4500500
005 20260329003848.0
041 _afre
042 _adc
100 1 0 _aLacroix, Samuel
_eauthor
245 0 0 _aRepérages / Juin 2017
260 _c2017.
500 _a76
690 _aFrançois Hollande
690 _aGenre
690 _aJudith Butler
690 _aSexe
690 _aSigmund Freud
690 _aTravail
786 0 _nPhilosophie magazine | 110 | 6 | 2017-06-01 | p. 6-6 | 1951-1787
856 4 1 _uhttps://shs.cairn.info/magazine-philosophie-magazine-2017-6-page-6?lang=fr&redirect-ssocas=7080
999 _c1828465
_d1828465